It looks like you're offline.
Open Library logo
additional options menu

MARC Record from marc_columbia

Record ID marc_columbia/Columbia-extract-20221130-029.mrc:126673281:1534
Source marc_columbia
Download Link /show-records/marc_columbia/Columbia-extract-20221130-029.mrc:126673281:1534?format=raw

LEADER: 01534cam a2200385Ia 4500
001 14410380
005 20191206112316.0
008 971007s1990 caua b 000 0 eng d
035 $a(OCoLC)ocm37746006
040 $aAZS$beng$cAZS$dOCLCQ$dOCLCO$dOCLCF$dOCLCQ$dOCL$dZCU
035 $a(OCoLC)37746006
043 $an-cn---$an-us---
050 4 $aNA749.B345$bB37x 1990
049 $aZCUA
245 00 $aBarton Myers Associates.
260 $aLos Angeles, Calif. :$bBarton Myers Associates,$c[1990]
300 $aapproximately 150 pages :$billustrations (some color) ;$c28 cm
336 $atext$btxt$2rdacontent
337 $aunmediated$bn$2rdamedia
338 $avolume$bnc$2rdacarrier
500 $a"This limited edition of 600 books was designed in Los Angeles by April Greiman with Sean Adams at April Greiman, Inc. in the summer of 1990."
504 $aIncludes bibliographical references.
610 20 $aBarton Myers Associates.
650 0 $aArchitecture, Modern$y20th century.
650 0 $aArchitecture$zUnited States$xHistory$y20th century.
610 27 $aBarton Myers Associates.$2fast$0(OCoLC)fst00641916
650 7 $aArchitecture.$2fast$0(OCoLC)fst00813346
650 7 $aArchitecture, Modern.$2fast$0(OCoLC)fst00813842
651 7 $aUnited States.$2fast$0(OCoLC)fst01204155
648 7 $a1900-1999$2fast
655 7 $aHistory.$2fast$0(OCoLC)fst01411628
700 1 $aGreiman, April,$ebook designer.
700 1 $aAdams, Sean,$ebook designer.
710 2 $aBarton Myers Associates.
852 80 $brbx$kAIGA$h1992$i6